|
|
|
|
| LEADER |
00000nam0a2200000 4500 |
| 001 |
256764 |
| 005 |
20231101233137.0 |
| 010 |
|
|
|a 9785699706990
|
| 035 |
|
|
|a (RuTPU)RU\TPU\book\279507
|
| 090 |
|
|
|a 256764
|
| 100 |
|
|
|a 20140411d2014 m y0rusy50 ca
|
| 101 |
0 |
|
|a rus
|
| 102 |
|
|
|a RU
|
| 105 |
|
|
|a y z 000ay
|
| 200 |
1 |
|
|a Украденные воспоминания
|e роман
|f Е. Островская
|
| 210 |
|
|
|a Москва
|c Эксмо
|d 2014
|
| 215 |
|
|
|a 318 с.
|
| 225 |
1 |
|
|a Татьяна Устинова рекомендует
|
| 330 |
|
|
|a Наташа никак не могла преодолеть черную полосу. Потеряв работу, она долго искала новое место и наконец нашла его, но в день собеседования ее обрызгала грязью проезжающая мимо машина... В автомобиле оказался глава того самого фонда, куда Наташа хотела устроиться. И Джон Хадсон не только решил подвезти девушку, но и сразу взял ее на работу. Жизнь постепенно начала налаживаться, когда Наташа получила от босса неожиданное предложение — выйти за него замуж! Подписав брачный контракт, Наташа с Джоном отправились в свадебное путешествие, и тут из России пришло пугающее сообщение: счета фонда арестованы, а все его сотрудники за решеткой. Вскоре их выпустили под подписку о невыезде, однако, едва выйдя на свободу, ее коллеги стали один за другим погибать... Даже в Америке, на родине мужа, Наташа не чувствовала себя в безопасности и знала: ей не будет покоя, пока она не поймет, зачем на самом деле Хадсону понадобился этот скоропалительный брак...
|
| 606 |
1 |
|
|a Русская литература современная
|2 stltpush
|3 (RuTPU)RU\TPU\subj\26373
|9 50316
|
| 610 |
1 |
|
|a проза
|
| 610 |
1 |
|
|a детективы
|
| 610 |
1 |
|
|a любовь
|
| 675 |
|
|
|a Р2
|v 3
|
| 700 |
|
1 |
|a Островская
|b Е.
|g Екатерина
|
| 801 |
|
1 |
|a RU
|b 63413507
|c 20140411
|
| 801 |
|
2 |
|a RU
|b 63413507
|c 20140707
|g RCR
|
| 942 |
|
|
|c BK
|
| 959 |
|
|
|a 68/20140410
|d 1
|e 180,40
|f ХФ:1
|